00711nam a2200193Ia 4500001000600000003000500006008004100011010001100052040000900063100003300072245015900105260007500264300001000339440005700349500000500406503000500411650007500416650002600491Z_915CHAP220113s1982 xx 000 0 und d a163990 cCHAP aPérez Domínguez, Marcelo aAnatomía e histología : anatomía e histología de la glándula mamaria de la vaca lechera /cpor Marcelo Pérez Domínguez y Víctor Campos R. aTexcoco, Méx. :bTécnica y Productos Agropecuarios Texcoco,c1982 a30 p. aManual sobre la glándula mamaria; Fascículo; 1 a a aGanado vacunoxAnatomía y fisiología I. Campos R., Víctor II. t. aGlándulas mamarias